000
00272nam a22001337a 4500
020
_a
978-8185594927
041
_a
ENG
100
_a
Pandya
245
_a
Machine Design
260
_a
India
_b
Charotar Pub House
_c
1962
300
_a
1064
650
_a
FMP
856
_u
FMP
999
_c
1375
_d
1375